Prediche del Primo Maestro. (Record n. 37542)

Dettagli MARC
000 -LEADER
fixed length control field 02057nam a22001937a 4500
003 - CONTROL NUMBER IDENTIFIER
control field IT-RoPau
005 - DATE AND TIME OF LATEST TRANSACTION
control field 20220918175935.0
008 - FIXED-LENGTH DATA ELEMENTS--GENERAL INFORMATION
fixed length control field 121120b xxu||||| |||| 00| 0 eng d
040 ## - CATALOGING SOURCE
Transcribing agency IT-RoPau
100 ## - MAIN ENTRY--PERSONAL NAME
Personal name Alberione Giacomo
Fuller form of name Fondatore Famiglia Paolina
9 (RLIN) 19
245 ## - TITLE STATEMENT
Title Prediche del Primo Maestro.
Remainder of title Riportate nelle sue parole originali 1955. Edizioni Paoline
250 ## - EDITION STATEMENT
Edition statement 1
260 ## - PUBLICATION, DISTRIBUTION, ETC. (IMPRINT)
Place of publication, distribution, etc. Boston
Name of publisher, distributor, etc. FSP
Date of publication, distribution, etc. 1955
300 ## - PHYSICAL DESCRIPTION
Extent 125 p.
Dimensions 20,5 cm
490 ## - SERIES STATEMENT
Volume/sequential designation 1
500 ## - GENERAL NOTE
General note Prediche del Primo Maestro
520 ## - SUMMARY, ETC.
Summary, etc. Indice<br/>STATI UNITI: PAGINA<br/>Amare Iddio con tutta la mente e con tutto il cuore 5<br/>Amare Iddio con tutte le forze 9<br/>La vostra vocazione 14<br/>Santa Tecla 21<br/>Dare " tutto" a Dio 26<br/>Il Paradiso 32<br/>Il Rosario 40<br/>L' Esame di coscienza 48<br/>L' Esame di coscienza 58<br/>Il frutto generale del Rosario 67<br/><br/>MESSICO:<br/>Il buon esempio 72<br/>La Meditazione 74<br/>L' Esame di coscienza 82<br/>L' Apostolato 89<br/>Il Paradiso 96<br/>L' Amore a Gesù 100<br/><br/>ITALIA:<br/>Occupare bene il tempo 106<br/>Santificazione della mente 112<br/>Aggiornamento 119 <br/><br/>
942 ## - ADDED ENTRY ELEMENTS (KOHA)
Source of classification or shelving scheme Dewey Decimal Classification
Koha item type LIBRO
Dati di copia
Withdrawn status Lost status Source of classification or shelving scheme Damaged status Not for loan Home library Current library Date acquired Total Checkouts Full call number Date last seen Price effective from Koha item type
    Dewey Decimal Classification Buone Condizioni Not For Loan PAULUS-BIBLIOTECA PAULUS-BIBLIOTECA 20/11/2012   PA3 20/11/2012 20/11/2012 LIBRO
CREDITS: SOCIETA' SAN PAOLO Via A.Severo, 58 - ROMA (RM) & PERIODICI SAN PAOLO SRL Via Giotto, 36 MILANO & CISF Via Giotto, 36 MILANO & EDIZIONI SAN PAOLO SRL,  Piazza Soncino, 5 CINISELLO BALSAMO (MI) -- ITALY